| 000 | 00511nam a2200193Ia 4500 | ||
|---|---|---|---|
| 001 | 12088 | ||
| 003 | IN-NITTTR | ||
| 005 | 20251114233113.0 | ||
| 008 | 251113s9999||||xx |||||||||||||| ||eng|| | ||
| 040 | _beng | ||
| 040 | _cIN-NITTTR | ||
| 041 | _aeng | ||
| 082 | _a370.15 O2E | ||
| 100 | _aOwen, Steven V. | ||
| 245 | 0 |
_aEducational psychology : _b an introduction. / _cOwen, Steven V., Blount, H. Parker., Moscow, Henry |
|
| 700 | _a Blount, H. Parker. | ||
| 700 | _a Moscow, Henry | ||
| 942 |
_2ddc _cBK |
||
| 999 |
_c14724 _d14724 |
||